000 00680nam a2200289Ia 4500
005 20260324135005.0
008 008 260324s9999 xx 000 0 eng d
020 _a9781315094960
037 _aEBOOK
040 _aCRL
040 _beng
040 _cCRL
041 _2eng
041 _aeng
084 _qCRL
100 _aGiles Velarde
_91198921
245 0 _aDesigning Exhibitions
245 0 _bMuseums, Heritage, Trade and World Fairs
260 _bTaylor and Francis
260 _c2001
365 _a
365 _b220
856 _uhttp://www.taylorfrancis.com/books/9781315094960
942 _cEBOOK
999 _c1799550
_d1799550